[Event "Titled Tuesday intern op 06th Apr"]
[Site "Chess.com INT"]
[Date "2021.04.06"]
[Round "8"]
[White "Mekanova, Annagozel"]
[Black "Manukian, Artak"]
[Result "0-1"]
[WhiteElo "1828"]
[BlackElo "2196"]
[PlyCount "66"]
[EventDate "2021.04.06"]
[EventType "swiss (blitz)"]
[EventRounds "11"]
[EventCountry "USA"]
[SourceTitle "CBM 201 Extra"]
[Source "ChessBase"]
[SourceDate "2021.05.31"]
[SourceVersion "1"]
[SourceVersionDate "2021.05.31"]
[SourceQuality "1"]

1. e4 c6 2. d4 d5 3. e5 Bf5 4. h4 h5 5. Bd3 Bxd3 6. Qxd3 Qa5+ 7. Nd2 Qa6 8. c4 e6 9. Ne2 Nh6 10. Ng3 g6 11. 0-0 Be7 12. b4 Bxh4 13. b5 cxb5 14. cxb5 Qb6 15. Ba3 Be7 16. Rfc1 Nd7 17. Bxe7 Kxe7 18. a4 Rhc8 19. Nb3 Kf8 20. Qe3 Ng4 21. Qf4 Kg7 22. a5 Qd8 23. Nd2 Rxc1+ 24. Rxc1 Rc8 25. Rxc8 Qxc8 26. Nf3 Qc2 27. Ng5 Qd1+ 28. Nf1 Nh6 29. Kh2 Nf5 30. Nf3 Qxf1 31. g4 Qxf2+ 32. Kh3 hxg4+ 33. Qxg4 Qe3 0-1

[Event "Titled Tuesday intern op 06th Apr"]
[Site "Chess.com INT"]
[Date "2021.04.06"]
[Round "1"]
[White "Mekanova, Annagozel"]
[Black "Pliukha, Myhajlo"]
[Result "0-1"]
[WhiteElo "1828"]
[BlackElo "2206"]
[PlyCount "82"]
[EventDate "2021.04.06"]
[EventType "swiss (blitz)"]
[EventRounds "11"]
[EventCountry "USA"]
[SourceTitle "CBM 201 Extra"]
[Source "ChessBase"]
[SourceDate "2021.05.31"]
[SourceVersion "1"]
[SourceVersionDate "2021.05.31"]
[SourceQuality "1"]

1. e4 c6 2. d4 d5 3. e5 c5 4. c3 Nc6 5. a3 Bf5 6. Bd3 Bxd3 7. Qxd3 e6 8. Nf3 Rc8 9. 0-0 Nge7 10. dxc5 Ng6 11. b4 Ngxe5 12. Nxe5 Nxe5 13. Qg3 Ng6 14. Bg5 Be7 15. Bxe7 Qxe7 16. Nd2 0-0 17. f4 Qf6 18. Rae1 Rfd8 19. Nb3 Ne7 20. Nd4 Nf5 21. Qd3 g6 22. Nxf5 exf5 23. Re5 Rd7 24. Rxd5 Rxd5 25. Qxd5 Qxc3 26. Qxb7 Re8 27. h3 Qd4+ 28. Kh2 Re2 29. c6 Qe4 30. Qb8+ Kg7 31. Qe5+ Qxe5 32. fxe5 Rc2 33. b5 Kf8 34. Rd1 Ke7 35. Rd7+ Ke6 36. Rxa7 f4 37. c7 f3 38. Kg1 Rxg2+ 39. Kf1 Rc2 40. b6 Kxe5 41. b7 Rc1+ 0-1

[Event "Titled Tuesday intern op 06th Apr"]
[Site "Chess.com INT"]
[Date "2021.04.06"]
[Round "4"]
[White "Sviridova, Vlada"]
[Black "Mekanova, Annagozel"]
[Result "1-0"]
[WhiteElo "2144"]
[BlackElo "1828"]
[PlyCount "55"]
[EventDate "2021.04.06"]
[EventType "swiss (blitz)"]
[EventRounds "11"]
[EventCountry "USA"]
[SourceTitle "CBM 201 Extra"]
[Source "ChessBase"]
[SourceDate "2021.05.31"]
[SourceVersion "1"]
[SourceVersionDate "2021.05.31"]
[SourceQuality "1"]

1. d4 d5 2. c4 c6 3. Nf3 Nf6 4. Nc3 e6 5. e3 dxc4 6. Bxc4 b5 7. Bd3 Bb7 8. 0-0 a6 9. a4 b4 10. Ne4 Nxe4 11. Bxe4 Nd7 12. Qc2 Qb6 13. b3 Bd6 14. Bb2 f5 15. Bd3 0-0 16. Nd2 Qc7 17. f4 c5 18. Nc4 Be7 19. Ne5 Rac8 20. Rac1 Qd6 21. Qe2 Rfd8 22. Bc4 Nxe5 23. fxe5 Qb6 24. Rxf5 cxd4 25. Bxd4 Rxd4 26. exd4 Rxc4 27. Qxc4 g6 28. Rf2 1-0

[Event "Titled Tuesday intern op 25th Aug"]
[Site "Chess.com INT"]
[Date "2020.08.25"]
[Round "2"]
[White "Atanasov, Anthony"]
[Black "Mekanova, Annagozel"]
[Result "0-1"]
[WhiteElo "2205"]
[BlackElo "1828"]
[PlyCount "62"]
[EventDate "2020.08.25"]
[EventType "swiss (blitz)"]
[EventRounds "10"]
[EventCountry "USA"]
[SourceTitle "CBM 198 Extra"]
[Source "ChessBase"]
[SourceDate "2020.11.30"]
[SourceVersion "1"]
[SourceVersionDate "2020.11.30"]
[SourceQuality "1"]

1. d4 d5 2. Bf4 e6 3. e3 Bd6 4. Qg4 g6 5. Nf3 e5 6. Qg3 exf4 7. exf4 Qe7+ 8. Be2 Nf6 9. Ne5 Bf5 10. Qb3 c6 11. 0-0 0-0 12. Nc3 c5 13. dxc5 Bxe5 14. fxe5 Qxe5 15. Qxb7 Nbd7 16. c6 Nb6 17. Qa6 d4 18. Nd1 Bxc2 19. Bf3 Qc7 20. Rc1 Bf5 21. a4 Ng4 22. g3 Ne5 23. Bg2 Nbc4 24. Rxc4 Bd3 25. b3 Nxc4 26. bxc4 Bxf1 27. Kxf1 Rab8 28. c5 Rb1 29. Qd3 Rfb8 30. Bf3 R8b3 31. Qe4 Rb8 0-1

[Event "Titled Tuesday intern op 25th Aug"]
[Site "Chess.com INT"]
[Date "2020.08.25"]
[Round "10"]
[White "Mekanova, Annagozel"]
[Black "Sanchez Alvares, Kelvin Antonio"]
[Result "0-1"]
[WhiteElo "1828"]
[BlackElo "2250"]
[PlyCount "124"]
[EventDate "2020.08.25"]
[EventType "swiss (blitz)"]
[EventRounds "10"]
[EventCountry "USA"]
[SourceTitle "CBM 198 Extra"]
[Source "ChessBase"]
[SourceDate "2020.11.30"]
[SourceVersion "1"]
[SourceVersionDate "2020.11.30"]
[SourceQuality "1"]

1. e4 e5 2. Nf3 Nc6 3. Bc4 Bc5 4. Nc3 Nf6 5. d3 h6 6. 0-0 d6 7. h3 Be6 8. Bb3 Qd7 9. Bxe6 fxe6 10. Be3 Bb6 11. Bxb6 axb6 12. d4 exd4 13. Nxd4 0-0 14. Nxc6 bxc6 15. e5 Nd5 16. Nxd5 cxd5 17. exd6 Qxd6 18. Qe2 e5 19. Rfe1 Rae8 20. Rad1 c6 21. c4 d4 22. Qe4 Re6 23. b3 Rf4 24. Qe2 e4 25. Qh5 Ref6 26. Rf1 c5 27. Qd5+ Qxd5 28. cxd5 Rd6 29. b4 Rxd5 30. bxc5 bxc5 31. a4 Rf6 32. Rfe1 Ra6 33. Rxe4 Rxa4 34. Re8+ Kh7 35. Rc8 c4 36. Kf1 d3 37. Ke1 Rd4 38. Kd2 Ra2+ 39. Ke3 Rh4 40. Rd2 Rxd2 41. Kxd2 Re4 42. Kc3 Kg6 43. Rc5 Re2 44. Rxc4 Rxf2 45. Kxd3 Rxg2 46. h4 Kh5 47. Ke3 Rg4 48. Rc1 Kxh4 49. Rh1+ Kg5 50. Kf3 h5 51. Rh3 h4 52. Rh1 Rg3+ 53. Kf2 Kg4 54. Re1 g5 55. Re4+ Kh3 56. Re1 Rg2+ 57. Kf3 g4+ 58. Kf4 Rf2+ 59. Ke3 g3 60. Rh1+ Kg4 61. Re1 h3 62. Rg1 h2 0-1

[Event "Titled Tuesday intern op 25th Aug"]
[Site "Chess.com INT"]
[Date "2020.08.25"]
[Round "5"]
[White "Rustemov, Alexander"]
[Black "Mekanova, Annagozel"]
[Result "1-0"]
[WhiteElo "2525"]
[BlackElo "1828"]
[PlyCount "99"]
[EventDate "2020.08.25"]
[EventType "swiss (blitz)"]
[EventRounds "10"]
[EventCountry "USA"]
[SourceTitle "CBM 198 Extra"]
[Source "ChessBase"]
[SourceDate "2020.11.30"]
[SourceVersion "1"]
[SourceVersionDate "2020.11.30"]
[SourceQuality "1"]

1. d4 d5 2. c4 e6 3. Nc3 Nf6 4. cxd5 exd5 5. Bg5 Be7 6. e3 0-0 7. Bd3 b6 8. Bxf6 Bxf6 9. Qh5 g6 10. Qxd5 c6 11. Qxd8 Rxd8 12. Nf3 Bb7 13. Rd1 Na6 14. 0-0 Nb4 15. Be4 Nd5 16. Nxd5 cxd5 17. Bd3 Rac8 18. Rc1 Be7 19. Rfd1 f6 20. Kf1 Kf7 21. Ke2 Ke6 22. g4 Kd6 23. h3 Rd7 24. Rxc8 Bxc8 25. Rg1 Rc7 26. h4 Be6 27. h5 Bf7 28. hxg6 hxg6 29. g5 f5 30. Ne5 Be8 31. f4 Ke6 32. Rh1 Bd6 33. Rh8 Re7 34. Rh6 Bxe5 35. dxe5 Kf7 36. Rh7+ Kf8 37. Rh8+ Kg7 38. Rh1 Rc7 39. Kd2 Rc5 40. b4 Rc7 41. a3 a5 42. bxa5 bxa5 43. Rb1 Kf7 44. Rb6 Rc6 45. Rxc6 Bxc6 46. Kc3 Ba4 47. Kd4 Ke6 48. Kc5 Bb3 49. Bb5 a4 50. Be8 1-0

[Event "Titled Tuesday intern op 18th Aug"]
[Site "Chess.com INT"]
[Date "2020.08.18"]
[Round "6"]
[White "Winslow, Elliott C"]
[Black "Mekanova, Annagozel"]
[Result "1-0"]
[WhiteElo "2150"]
[BlackElo "1828"]
[PlyCount "69"]
[EventDate "2020.08.18"]
[EventType "swiss (blitz)"]
[EventRounds "10"]
[EventCountry "USA"]
[SourceTitle "CBM 197 Extra"]
[Source "ChessBase"]
[SourceDate "2020.09.30"]
[SourceVersion "1"]
[SourceVersionDate "2020.09.30"]
[SourceQuality "1"]

1. e4 c6 2. d4 d5 3. exd5 cxd5 4. c4 Nf6 5. Nc3 e6 6. Nf3 Nc6 7. cxd5 Nxd5 8. Bd3 Bb4 9. Qb3 Na5 10. Qc2 h6 11. 0-0 0-0 12. Ne4 Nc6 13. a3 Be7 14. Rd1 Nf6 15. Nc5 Qb6 16. b4 a5 17. Na4 Qa7 18. b5 Nd8 19. Bf4 Bd7 20. Rab1 Rc8 21. Qe2 b6 22. Ne5 Nd5 23. Bd2 Bd6 24. Be4 Bxe5 25. dxe5 Nb7 26. Qg4 Kh8 27. Qh4 f5 28. Bxd5 exd5 29. Bxh6 Be6 30. Bxg7+ Kxg7 31. Qg5+ Kf7 32. Qf6+ Ke8 33. Qxe6+ Kd8 34. Nxb6 Rc5 35. Qd7# 1-0

[Event "Online Olym Div2 A"]
[Site "Chess.com INT"]
[Date "2020.08.16"]
[Round "7.6"]
[White "Mekanova, Annagozel"]
[Black "Ahmed, Walijah"]
[Result "0-1"]
[WhiteElo "1828"]
[BlackElo "1822"]
[PlyCount "100"]
[EventDate "2020.08.14"]
[EventType "team-tourn (rapid)"]
[EventRounds "9"]
[EventCountry "USA"]
[SourceTitle "CBM 198"]
[Source "ChessBase"]
[SourceDate "2020.10.31"]
[SourceVersion "1"]
[SourceVersionDate "2020.10.31"]
[SourceQuality "1"]
[WhiteTeam "Turkmenistan"]
[BlackTeam "Bangladesh"]
[WhiteTeamCountry "TKM"]
[BlackTeamCountry "BAN"]

1. e4 d6 2. d4 Nf6 3. Nc3 g6 4. Nf3 Bg7 5. h3 0-0 6. Be2 c6 7. a4 Nbd7 8. 0-0 e5 9. dxe5 dxe5 10. Bc4 Qe7 11. Qe2 h6 12. Be3 Nh5 13. Qd2 Kh7 14. Rfd1 Nc5 15. Qd6 Qxd6 16. Rxd6 Ne6 17. g3 Nd4 18. Nxd4 exd4 19. Bxd4 Bxh3 20. Bxg7 Kxg7 21. Rad1 Nf6 22. f3 h5 23. Kh2 Bc8 24. e5 Nd7 25. Rxd7 Bxd7 26. Rxd7 Rad8 27. Rxb7 Rd2+ 28. Kh3 Rf2 29. f4 g5 30. fxg5 Kg6 31. Bd3+ Kg7 32. g6 Kh6 33. gxf7 R8xf7 34. Rxf7 Rxf7 35. e6 Re7 36. Bc4 Kg7 37. Ne2 Kf6 38. Nd4 Rc7 39. Kh4 c5 40. Nf3 Rh7 41. Ng5 Rg7 42. Ne4+ Kf5 43. Nc3 Rg4+ 44. Kxh5 Rxg3 45. Kh6 Re3 46. Nb5 a6 47. Nd6+ Kf6 48. Kh5 Ke5 49. Nc8 Kf5 50. e7 Rh3# 0-1

[Event "Online Olym Div2 A"]
[Site "Chess.com INT"]
[Date "2020.08.15"]
[Round "4.6"]
[White "De Rycke, Tyani"]
[Black "Mekanova, Annagozel"]
[Result "1-0"]
[WhiteElo "1937"]
[BlackElo "1828"]
[PlyCount "119"]
[EventDate "2020.08.14"]
[EventType "team-tourn (rapid)"]
[EventRounds "9"]
[EventCountry "USA"]
[SourceTitle "CBM 198"]
[Source "ChessBase"]
[SourceDate "2020.10.31"]
[SourceVersion "1"]
[SourceVersionDate "2020.10.31"]
[SourceQuality "1"]
[WhiteTeam "Belgium"]
[BlackTeam "Turkmenistan"]
[WhiteTeamCountry "BEL"]
[BlackTeamCountry "TKM"]

1. e4 c6 2. d4 d5 3. Nc3 dxe4 4. Nxe4 Bf5 5. Ng3 Bg6 6. Nf3 e6 7. h4 h6 8. h5 Bh7 9. Bd3 Bxd3 10. Qxd3 Nd7 11. Bf4 Qa5+ 12. Qd2 Qxd2+ 13. Nxd2 Ngf6 14. Nc4 Nd5 15. Bd6 b5 16. Bxf8 Rxf8 17. Ne5 Nxe5 18. dxe5 f6 19. exf6 Rxf6 20. Ne4 Rf4 21. f3 Ne3 22. Kf2 Nxc2 23. Rac1 Nb4 24. Kg3 Rf8 25. a3 Nd3 26. Rxc6 Kf7 27. b4 a5 28. Rd1 Ne5 29. Nd6+ Kg8 30. Rc5 Nf7 31. Nxf7 Rxf7 32. Rxb5 axb4 33. axb4 Rf5 34. Rxf5 exf5 35. Kf4 Rb8 36. Rd4 Rb5 37. Ke3 Kf7 38. Kd3 Ke6 39. Kc4 Rb8 40. b5 Rc8+ 41. Kb4 Rc2 42. g4 Ke5 43. Rd7 fxg4 44. fxg4 Rb2+ 45. Kc5 Rc2+ 46. Kb6 Kf6 47. Kb7 Rc4 48. b6 Rxg4 49. Kc8 Rc4+ 50. Rc7 Rb4 51. b7 Kg5 52. Rxg7+ Kxh5 53. b8Q Rxb8+ 54. Kxb8 Kh4 55. Kc7 h5 56. Kd6 Kh3 57. Ke5 h4 58. Kf4 Kh2 59. Kf3 h3 60. Rh7 1-0

[Event "Online Olym Div2 A"]
[Site "Chess.com INT"]
[Date "2020.08.14"]
[Round "3.6"]
[White "Mekanova, Annagozel"]
[Black "Zeliantsova, Kseniya"]
[Result "0-1"]
[WhiteElo "1828"]
[BlackElo "2114"]
[PlyCount "140"]
[EventDate "2020.08.14"]
[EventType "team-tourn (rapid)"]
[EventRounds "9"]
[EventCountry "USA"]
[SourceTitle "CBM 198"]
[Source "ChessBase"]
[SourceDate "2020.10.31"]
[SourceVersion "1"]
[SourceVersionDate "2020.10.31"]
[SourceQuality "1"]
[WhiteTeam "Turkmenistan"]
[BlackTeam "Belarus"]
[WhiteTeamCountry "TKM"]
[BlackTeamCountry "BLR"]

1. e4 d6 2. d4 Nf6 3. Nc3 g6 4. Nf3 Bg7 5. Bc4 0-0 6. h3 c5 7. 0-0 cxd4 8. Nxd4 Nc6 9. Be3 Bd7 10. Nce2 Nxe4 11. c3 Rc8 12. Bd5 Nf6 13. Nxc6 Bxc6 14. Bxc6 bxc6 15. Qa4 a5 16. Nd4 c5 17. Nb3 Ra8 18. Rfd1 Qc7 19. Rab1 Nd7 20. Qh4 Ne5 21. Nd2 d5 22. Bf4 Qd7 23. Qg3 Qf5 24. Nb3 Rac8 25. Rbc1 Rfd8 26. Nxa5 c4 27. Bxe5 Bxe5 28. Qg4 Qxg4 29. hxg4 Rd7 30. b4 cxb3 31. axb3 Rxc3 32. Nc6 Rxc1 33. Rxc1 Bf4 34. Rd1 Rc7 35. Nb4 e6 36. Nd3 Bd6 37. b4 Rc3 38. Kf1 Rb3 39. Ke2 Bxb4 40. Rc1 Kg7 41. Rc7 Bc3 42. g5 e5 43. Nc5 Rb8 44. Nd7 Rb2+ 45. Kd3 Ba5 46. Ra7 Bd8 47. f3 e4+ 48. fxe4 dxe4+ 49. Kxe4 Bxg5 50. Ne5 Rf2 51. g3 h5 52. Nf3 Bf6 53. Rb7 Re2+ 54. Kf4 Ra2 55. Rb4 Ra3 56. Rc4 Rb3 57. Ra4 Be7 58. Ra6 Rd3 59. Ke4 Rd1 60. Ra7 Bd6 61. Rd7 Kf6 62. Nd4 Bxg3 63. Rb7 Re1+ 64. Kf3 Be5 65. Rb6+ Kg7 66. Ne2 h4 67. Rb4 h3 68. Rh4 h2 69. Kf2 h1Q 70. Rxh1 Rxh1 0-1

[Event "Liberec op 17th"]
[Site "Liberec"]
[Date "2017.03.01"]
[Round "6"]
[White "Mekanova, Annagozel"]
[Black "Vavrinec, Tomas"]
[Result "0-1"]
[WhiteElo "1724"]
[BlackElo "1965"]
[PlyCount "74"]
[EventDate "2017.02.25"]
[EventType "swiss"]
[EventRounds "9"]
[EventCountry "CZE"]
[SourceTitle "CBM 177 Extra"]
[Source "ChessBase"]
[SourceDate "2017.04.27"]
[SourceVersion "1"]
[SourceVersionDate "2017.04.27"]
[SourceQuality "1"]

1. e4 e6 2. d4 d5 3. e5 c5 4. c3 Qb6 5. Ne2 Nc6 6. a3 a5 7. b3 Bd7 8. Bb2 Nh6 9. Nd2 cxd4 10. cxd4 Nf5 11. Nf3 Be7 12. g4 Nh4 13. Qd3 Na7 14. Nxh4 Bxh4 15. Qh3 Be7 16. Nf4 Nb5 17. Bxb5 Bxb5 18. Nh5 Bf8 19. 0-0-0 a4 20. b4 Be2 21. Rd2 Bc4 22. Rc2 0-0-0 23. Kb1 Kb8 24. Rhc1 Qb5 25. Rc3 Rg8 26. f4 Be7 27. Qe3 h6 28. g5 hxg5 29. fxg5 Rh8 30. Rxc4 dxc4 31. Qe2 Rc8 32. Nxg7 Bxg5 33. Rg1 Bf4 34. Nh5 Rxh5 35. Qxh5 c3 36. Qxf7 Qd3+ 37. Ka2 Qc2 0-1

[Event "World School-ch U15 Girls"]
[Site "Sochi"]
[Date "2016.12.08"]
[Round "6"]
[White "Solovieva, Mariya"]
[Black "Mekanova, Annagozel"]
[Result "0-1"]
[WhiteElo "1502"]
[BlackElo "1785"]
[PlyCount "114"]
[EventDate "2016.12.03"]
[EventType "swiss"]
[EventRounds "9"]
[EventCountry "RUS"]
[SourceTitle "EXT 2018"]
[Source "ChessBase"]
[SourceDate "2017.10.13"]
[SourceVersion "1"]
[SourceVersionDate "2017.10.13"]
[SourceQuality "1"]

1. e4 c6 2. d4 d5 3. exd5 cxd5 4. Bb5+ Bd7 5. Bxd7+ Nxd7 6. Bf4 Ngf6 7. Nf3 e6 8. c3 Be7 9. Nbd2 0-0 10. 0-0 Nb6 11. Ne5 Nfd7 12. Qg4 Nf6 13. Qe2 Rc8 14. Rfe1 a6 15. Rac1 Na4 16. Nb3 b5 17. h3 Ne4 18. Nd3 Bd6 19. Bxd6 Qxd6 20. f3 Nf6 21. Nbc5 Nxc5 22. Nxc5 Nd7 23. b4 Ra8 24. a4 Qc6 25. axb5 axb5 26. Nxd7 Qxd7 27. Ra1 h6 28. Qb2 Qc6 29. Rxa8 Rxa8 30. Ra1 Rxa1+ 31. Qxa1 Qc4 32. Kf2 Qd3 33. Qa8+ Kh7 34. Qc8 Kg6 35. Kg3 h5 36. h4 Qe2 37. Qc6 Kf6 38. Qc8 Qe3 39. Qd8+ Kg6 40. Qc8 Qd3 41. Qc7 Qe3 42. Qc8 Qe2 43. Qc7 f6 44. Qc6 Qe1+ 45. Kh3 Kf5 46. Qc7 Qh1+ 47. Kg3 Qe1+ 48. Kh3 g6 49. g4+ hxg4+ 50. fxg4+ Ke4 51. Qf7 Qxc3+ 52. Kh2 Qd2+ 53. Kh1 Qd1+ 54. Kh2 Qxg4 55. Qh7 Kf3 56. Qxg6 Qxg6 57. h5 Qg2# 0-1

[Event "World School-ch U15 Girls"]
[Site "Sochi"]
[Date "2016.12.04"]
[Round "2"]
[White "Chernyak, Anna"]
[Black "Mekanova, Annagozel"]
[Result "0-1"]
[WhiteElo "1437"]
[BlackElo "1785"]
[PlyCount "56"]
[EventDate "2016.12.03"]
[EventType "swiss"]
[EventRounds "9"]
[EventCountry "RUS"]
[SourceTitle "EXT 2018"]
[Source "ChessBase"]
[SourceDate "2017.10.13"]
[SourceVersion "1"]
[SourceVersionDate "2017.10.13"]
[SourceQuality "1"]

1. d4 d5 2. c4 e6 3. Nf3 f5 4. Nc3 Nf6 5. e3 c6 6. Bd3 Bd6 7. b3 0-0 8. Bb2 Ne4 9. Qc2 Nd7 10. 0-0-0 Ndf6 11. h3 a6 12. Rdg1 b5 13. c5 Bc7 14. g4 a5 15. gxf5 exf5 16. h4 Ng4 17. Nd1 Qe7 18. Ng5 Nexf2 19. Nxf2 Qxe3+ 20. Qd2 Qxd2+ 21. Kxd2 Nxf2 22. Rf1 Nxh1 23. Rxh1 Bf4+ 24. Kc2 Bxg5 25. hxg5 g6 26. Bc1 f4 27. Rh6 Bf5 28. Bxf5 Rxf5 0-1

[Event "World School-ch U13 Girls 11th"]
[Site "Pattaya"]
[Date "2015.05.09"]
[Round "4"]
[White "Zhang, Xiao"]
[Black "Mekanova, Annagozel"]
[Result "0-1"]
[WhiteElo "1843"]
[BlackElo "1651"]
[PlyCount "128"]
[EventDate "2015.05.07"]
[EventType "swiss"]
[EventRounds "9"]
[EventCountry "THA"]
[SourceTitle "CBM 166 Extra"]
[Source "ChessBase"]
[SourceDate "2015.06.18"]
[SourceVersion "1"]
[SourceVersionDate "2015.06.18"]
[SourceQuality "1"]

1. d4 d5 2. c4 e6 3. cxd5 exd5 4. Nc3 f5 5. Nf3 Nf6 6. Bg5 Be7 7. e3 0-0 8. Bd3 c6 9. Qc2 Ne4 10. Bxe7 Qxe7 11. 0-0 Nd7 12. Rab1 Rf6 13. b4 Qd6 14. Rfd1 a6 15. a4 Nb6 16. b5 Nxc3 17. Qxc3 Nxa4 18. Qa5 cxb5 19. Rxb5 Nc3 20. Qxc3 axb5 21. Bxb5 Bd7 22. Bxd7 Qxd7 23. Ne5 Qc8 24. Qb2 Rfa6 25. h3 h6 26. Kh2 Ra2 27. Qb3 Rxf2 28. Qxd5+ Kh7 29. Nd3 Rc2 30. Nf4 Raa2 31. Rb1 Rcb2 32. Rxb2 Rxb2 33. Qf7 b5 34. d5 Rd2 35. Qg6+ Kh8 36. Qb6 Qe8 37. Qc5 b4 38. Qxb4 Qxe3 39. Qf8+ Kh7 40. Qxf5+ Kg8 41. Ne6 Qf2 42. Qg4 Qf6 43. Qh5 Qf2 44. Qg6 Qf7 45. Qe4 Qh5 46. Qf4 Rxg2+ 47. Kxg2 Qxd5+ 48. Kg3 Qxe6 49. Qb8+ Kh7 50. Qb1+ Qg6+ 51. Qxg6+ Kxg6 52. h4 Kf5 53. Kf3 h5 54. Kg3 Ke4 55. Kg2 Kf4 56. Kh3 Kf3 57. Kh2 Kg4 58. Kg2 Kxh4 59. Kh2 Kg4 60. Kg2 g6 61. Kh2 Kf3 62. Kh1 Kf2 63. Kh2 g5 64. Kh3 g4+ 0-1